| 000 | 00765nam a22002297a 4500 | ||
|---|---|---|---|
| 999 |
_c9180 _d9180 |
||
| 001 | 9180 | ||
| 003 | OSt | ||
| 005 | 20180310173440.0 | ||
| 008 | 180310b2006 bg ||||| |||| 00| 0 ben d | ||
| 035 | _a(BD-JhCC)9180 | ||
| 040 |
_aBD-JhCC _dBD-JhCC |
||
| 041 | _aben | ||
| 082 |
_a781.7914 _bJAH 2004 |
||
| 100 | _aজাহাঙ্গীর, মাহমুদুল হক | ||
| 245 |
_aউপমহাদেশের মুসলিম সংগীতজ্ঞদের জীবনী / _c মাহমুদুল হক জাহাঙ্গীর |
||
| 260 |
_aঢাকা: _bপার্ল পাবলিকেশন্স _c2006. |
||
| 300 |
_a79 p. : _c22 cm. |
||
| 650 |
_aMusicians _zIndia |
||
| 650 | _aMusic | ||
| 942 |
_2ddc _cBK |
||